| 000 | 00936cam a2200301 i 4500 | ||
|---|---|---|---|
| 999 |
_c200443325 _d61537 |
||
| 001 | 200443325 | ||
| 003 | TR-AnTOB | ||
| 005 | 20220414144207.0 | ||
| 007 | ta | ||
| 008 | 050608s1986 enk 000 0 eng | ||
| 035 | _a(TR-AnTOB)200443325 | ||
| 040 |
_aTR-AnTOB _beng _erda _cTR-AnTOB |
||
| 041 | 0 | _aeng | |
| 050 | 4 |
_aHD38.25.E85 _bC66 1986 |
|
| 090 |
_aHD38.25.E85 _bC66 1986 |
||
| 245 | 1 | 4 |
_aThe company director in Europe : _bA guide to directors' duties and responsibilities in 24 countries. |
| 264 | 1 |
_aUnited Kingdom : _bCoopers and Lybrand, _c1986. |
|
| 300 |
_a130 pages ; _c22 cm |
||
| 336 |
_atext _btxt _2rdacontent |
||
| 337 |
_aunmediated _bn _2rdamedia |
||
| 338 |
_avolume _bnc _2rdacarrier |
||
| 650 | 0 |
_aExecutives _zEurope _9132410 |
|
| 650 | 0 |
_aDirectors of corporations _zEurope _9132411 |
|
| 710 | 2 |
_aCoopers & Lybrand _9132412 |
|
| 942 |
_2lcc _cBK |
||